000 00500nam a2200157 4500
999 _c6911
_d6911
008 170519b xxu||||| |||| 00| 0 eng d
022 _a0119-9000
082 _aDPer 641.505 C77 Jan-June 2013 v.13-14
100 _920933
_aLeyco, Nazarene A.
245 _aBaon saves the day/
_cNazarene A. Leyco.
260 _aPhilippines:
_bUBM Medica,
_c©Jan-June 2013.
300 _av14 n3, pages 10-13:
_billustrations;
_c29 cm.
500 _aCook.
650 0 _920934
_aFood
_xLunch
942 _2ddc
_cPER